[Event "HUN-ch U14"]
[Site "Balatonlelle"]
[Date "2016.06.26"]
[Round "3"]
[White "Nyers, Daniel"]
[Black "Palczert, Botond"]
[Result "0-1"]
[WhiteElo "1422"]
[BlackElo "1689"]
[PlyCount "108"]
[EventDate "2016.06.24"]
[EventType "swiss"]
[EventRounds "7"]
[EventCountry "HUN"]
[SourceTitle "CBM 173 Extra"]
[Source "ChessBase"]
[SourceDate "2016.08.29"]
[SourceVersion "1"]
[SourceVersionDate "2016.08.29"]
[SourceQuality "1"]

1. e4 c5 2. c3 d5 3. exd5 Qxd5 4. d4 cxd4 5. cxd4 e5 6. dxe5 Qxe5+ 7. Qe2 Nc6 8. a3 Bf5 9. Nf3 Qxe2+ 10. Bxe2 Nf6 11. Nc3 Bc5 12. 0-0 0-0 13. b4 Bb6 14. Bf4 Nd4 15. Nxd4 Bxd4 16. Rac1 Bxc3 17. Rxc3 Nd5 18. Rc4 Rfe8 19. Bf3 Bd3 20. Bxd5 Bxc4 21. Bxc4 Re4 22. Bd5 Rxf4 23. Bxb7 Rd8 24. Re1 Rfd4 25. Bf3 Kf8 26. h3 Rd3 27. a4 Ra3 28. a5 Rb3 29. Re4 Rb1+ 30. Kh2 Rb8 31. Rd4 R1xb4 32. Rd7 a6 33. Ra7 Ra4 34. Rxa6 Ke7 35. Ra7+ Ke6 36. Bg4+ Kf6 37. a6 Rb2 38. f3 Raa2 39. Rb7 Rxg2+ 40. Kh1 Rgc2 41. Rb6+ Ke5 42. f4+ Kxf4 43. Rb4+ Ke5 44. Rb5+ Kd6 45. Rb6+ Kc5 46. Rb1 Rxa6 47. Bf5 Rd2 48. Rc1+ Kd4 49. Bxh7 g6 50. Bg8 Rf6 51. h4 Ke3 52. Re1+ Re2 53. Rd1 Kf3 54. Rd3+ Kg4 0-1